Identifikácia možností vzniku škody a ušlého zisku pri elektronickom B2B obchodovaní na Slovensku

Problematika identifikácie vzniku finančnej ujmy v podnikateľskom prostredí pri podnikaní prostredníctvom informačno-komunikačných technológií. Podstata, hľadiská a interdisciplinárny charakter problému. Najčastejšie príčiny vzniku finančnej ujmy pri elektronickom podnikaní (obchode).

Saved in:
Bibliographic Details
Main Author: Sedláková, Iveta
Other Authors: Gajdošík, Samuel
Format: Book Chapter
Language:Slovak
Subjects:
Tags: Add Tag
No Tags, Be the first to tag this record!

MARC

LEADER 00000naa a2200000 4500
001 0210404
005 20231207080337.4
041 0 |a slo 
044 |a SK 
245 1 0 |a Identifikácia možností vzniku škody a ušlého zisku pri elektronickom B2B obchodovaní na Slovensku  |c Iveta Sedláková, Samuel Gajdošík 
520 |a Problematika identifikácie vzniku finančnej ujmy v podnikateľskom prostredí pri podnikaní prostredníctvom informačno-komunikačných technológií. Podstata, hľadiská a interdisciplinárny charakter problému. Najčastejšie príčiny vzniku finančnej ujmy pri elektronickom podnikaní (obchode). 
610 2 0 |a podnikanie elektronické 
610 2 0 |a obchod elektronický 
610 2 0 |a dodávky zmluvné 
610 2 0 |a podmienky dodacie 
610 2 0 |a náklady 
610 2 0 |a zisk 
610 2 0 |a strata obchodná 
610 2 0 |a legislatíva 
100 1 |a Sedláková, Iveta 
700 1 |a Gajdošík, Samuel